Statistics for How much you know RWBY

Click here to take the quiz!

General Stats

  • This quiz has been taken 381 times
    (380 since last reset)
  • The average score is 14 of 15

Answer Stats

HintAnswer% Correct
leads team RWBY | red hair and has a sniper scytheRuby
100%
white hair and carries a swordWeiss
99%
black hair and is a faunusBlake
99%
Yellow hair and fights with guns on her handsYang
99%
Vomit BoyJaune
98%
orange hair and anoyes renNora
97%
weisses sisterWinter
96%
headmaster of beaconOzpin
95%
Ruby's and yang's uncleQrow
94%
red hair, won 4 tournaments in a rowPyrrha
92%
blue hair, afraid of water, friends with a faunus boyNeptune
92%
Black hair and fought two snakesLie Ren
85%
general of atlasJames Ironwood
71%
Robbed a dust company and leads the white fangTorchwick
51%

Score Distribution

Percentile by Number Answered

Percent of People with Each Score

Your Score History

You have not taken this quiz since the last reset